00506nam a2200169Ia 450000500170000000800410001702000150005808200130007310000190008624500320010526000390013730000130017650000310018994200060022095200950022699900150032120250701161725.0240331s9999 xx 000 0 und d a9559540602 bWIJa792 aWijayasekara,P 0aBakkara biriya hewath babee aColombobParallel Publishersc1991 a158 p ., aA story of the bakers wife cL 001040708LaWERCLbWERCLcSSCd2024-03-31l0o 792 WIJp4454r2024-03-31w2024-03-31yL c5227d5227